| 000 | 00473 a2200193 4500 | ||
|---|---|---|---|
| 041 | _aEng | ||
| 082 |
_a927.927 _bB83h |
||
| 100 |
_aBruce, Lenny (Preud) _920808 |
||
| 245 |
_ahow to talk dirty ans influence people _ban autobiography |
||
| 260 |
_aLondon _bPeter Owen _c1966 |
||
| 300 | _a206p. | ||
| 518 | _a2011-03-04 | ||
| 530 | _aM | ||
| 650 |
_aBiographies _91464 |
||
| 650 |
_aArtists _911946 |
||
| 650 | _aPeople | ||
| 653 | _aAutobiography | ||
| 942 |
_2ddc _cGEN |
||
| 999 |
_c59863 _d59851 |
||